000 00375 a2200157 4500
001 47600
020 _a978-85-06-07028-4
040 _cAnchieta - Aquarius
100 _aCampos, Vinicius
240 1 0 _aVinícius Campos conta Grimm
_lpor
245 1 0 _aVinícius Campos conta Grimm
300 _a53p.
362 0 _a2017
650 4 _aLiteratura infanto-juvenil
942 _cBK
999 _c47600
_d47600